01678nam a2200385 a 4500001001200000003000800012006001900020007001500039008004100054010001700095020001800112020002700130040002100157035002100178043002100199050002800220082001500248100002000263245017800283260004400461300002600505490004400531500011600575504005100691533015200742650003800894650004500932650004100977651003601018655002901054700002801083710001701111830003801128856012601166ebr10527224CaPaEBRm u cr cn|||||||||110818s2011 dcuad sb 001 0 eng d z 2011034139 z9780821386880 z9780821387443 (e-book) aCaPaEBRcCaPaEBR a(OCoLC)773566705 acl-----ad------14aHD3616.L32bD484 2011eb04a338.982231 aDevlin, Robert.10aBreeding Latin American tigersh[electronic resource] :boperational principles for rehabilitating industrial policies in the region /cRobert Devlin, Graciela Moguillansky. aWashington, D.C. :bWorld Bank,cc2011. axxiii, 271 p. :bill.1 aLatin American development forum series a"A copublication of United Nations Economic Commission for Latin America and the Caribbean and the World Bank." aIncludes bibliographical references and index. aElectronic reproduction.bPalo Alto, Calif. :cebrary,d2012.nAvailable via World Wide Web.nAccess may be limited to ebrary affiliated libraries. 0aIndustrial policyzLatin America. 0aIndustrial policyzDeveloping countries. 0aEconomic developmentzLatin America. 0aLatin AmericaxEconomic policy. 7aElectronic books.2local1 aMoguillansky, Graciela.2 aebrary, Inc. 0aLatin American development forum.40uhttp://site.ebrary.com/lib/rucke/Doc?id=10527224zAn electronic book accessible through the World Wide Web; click to view